Loading...
Current Events | 3 | 10.00 | 100% | 0% | 0% |
Fine Arts - Classical Music | 8 | 12.50 | 88% | 50% | 13% |
Fine Arts - Other Fine Arts | 6 | 13.33 | 100% | 33% | 0% |
Fine Arts - Painting & Sculpture | 7 | 17.14 | 100% | 71% | 0% |
Geography | 4 | 15.00 | 75% | 75% | 0% |
History - American History | 11 | 14.55 | 100% | 46% | 0% |
History - European History | 9 | 13.33 | 89% | 44% | 0% |
History - Other History | 8 | 12.50 | 100% | 25% | 0% |
History - World History | 8 | 16.25 | 75% | 63% | 25% |
Literature - American Literature | 12 | 16.67 | 100% | 50% | 17% |
Literature - British Literature | 12 | 18.33 | 100% | 75% | 8% |
Literature - European Literature | 12 | 16.67 | 100% | 67% | 17% |
Literature - World Literature | 7 | 15.71 | 100% | 57% | 0% |
Mythology | 3 | 13.33 | 100% | 33% | 0% |
Other Academic | 6 | 15.00 | 100% | 50% | 0% |
Philosophy | 6 | 18.33 | 100% | 50% | 33% |
Religion | 8 | 15.00 | 100% | 50% | 0% |
Science - Biology | 10 | 10.00 | 80% | 20% | 0% |
Science - Chemistry | 10 | 21.00 | 100% | 80% | 30% |
Science - Other Science | 7 | 15.71 | 100% | 43% | 14% |
Science - Physics | 6 | 15.00 | 100% | 50% | 0% |
Social Science | 6 | 18.33 | 100% | 67% | 17% |